<?xml version="1.0" encoding="UTF-8"?>
<record
    xmlns:xsi="http://www.w3.org/2001/XMLSchema-instance"
    xsi:schemaLocation="http://www.loc.gov/MARC21/slim http://www.loc.gov/standards/marcxml/schema/MARC21slim.xsd"
    xmlns="http://www.loc.gov/MARC21/slim">

  <leader>00723nam a2200217 a 4500</leader>
  <controlfield tag="001">56438</controlfield>
  <controlfield tag="003">BD-RjUL</controlfield>
  <controlfield tag="005">20211209080409.0</controlfield>
  <controlfield tag="008">161129s1951    bg ||||| |||| 00| 0 ben d</controlfield>
  <datafield tag="035" ind1=" " ind2=" ">
    <subfield code="a">(BD-RjUL)56562</subfield>
  </datafield>
  <datafield tag="040" ind1=" " ind2=" ">
    <subfield code="a">BD-RjUL</subfield>
    <subfield code="b">ben </subfield>
    <subfield code="c">BD-RjUL</subfield>
  </datafield>
  <datafield tag="041" ind1=" " ind2=" ">
    <subfield code="a">ben </subfield>
  </datafield>
  <datafield tag="082" ind1=" " ind2=" ">
    <subfield code="2">23 </subfield>
    <subfield code="a">891.441 </subfield>
    <subfield code="b">ISR 1951 </subfield>
  </datafield>
  <datafield tag="100" ind1=" " ind2=" ">
    <subfield code="a">&#x987;&#x99C;&#x9A6;&#x9BE;&#x9A8;&#x9C0;, &#x9B0;&#x993;&#x9B6;&#x9A8; </subfield>
    <subfield code="9">136983</subfield>
  </datafield>
  <datafield tag="245" ind1="1" ind2="0">
    <subfield code="a">&#x9B0;&#x999;&#x9BF;&#x9B2;&#x9BE; &#x9AC;&#x9A8;&#x9CD;&#x9A7;&#x9C1; / </subfield>
    <subfield code="c"> &#x9B0;&#x993;&#x9B6;&#x9A8; &#x987;&#x99C;&#x9A6;&#x9BE;&#x9A8;&#x9C0; </subfield>
  </datafield>
  <datafield tag="260" ind1=" " ind2=" ">
    <subfield code="a">&#x9A2;&#x9BE;&#x995;&#x9BE; :</subfield>
    <subfield code="b">&#x9AE;&#x9CB;&#x9B8;&#x9B2;&#x9C7;&#x9AE; &#x9AA;&#x9BE;&#x9AC;&#x9B2;&#x9BF;&#x9B6;&#x9BF;&#x982;, </subfield>
    <subfield code="c">&#x9E7;&#x9EF;&#x9EB;&#x9E7; </subfield>
  </datafield>
  <datafield tag="300" ind1=" " ind2=" ">
    <subfield code="a">&#x9ED;&#x9EF; &#x9AA;&#x9C3;. ; </subfield>
    <subfield code="c">&#x9E7;&#x9EF; &#x9B8;&#x9C7;&#x9AE;&#x9BF; . </subfield>
  </datafield>
  <datafield tag="650" ind1=" " ind2=" ">
    <subfield code="a">&#x9AC;&#x9BE;&#x982;&#x9B2;&#x9BE; &#x995;&#x9AC;&#x9BF;&#x9A4;&#x9BE; </subfield>
    <subfield code="9">167872</subfield>
  </datafield>
  <datafield tag="650" ind1=" " ind2=" ">
    <subfield code="a">Bengali Poetry </subfield>
    <subfield code="9">167873</subfield>
  </datafield>
  <datafield tag="942" ind1=" " ind2=" ">
    <subfield code="2">ddc</subfield>
    <subfield code="c">BK</subfield>
  </datafield>
  <datafield tag="999" ind1=" " ind2=" ">
    <subfield code="c">56438</subfield>
    <subfield code="d">56438</subfield>
  </datafield>
  <datafield tag="952" ind1=" " ind2=" ">
    <subfield code="0">0</subfield>
    <subfield code="1">0</subfield>
    <subfield code="2">ddc</subfield>
    <subfield code="4">0</subfield>
    <subfield code="7">0</subfield>
    <subfield code="8">NFIC</subfield>
    <subfield code="a">RUCL</subfield>
    <subfield code="b">RUCL</subfield>
    <subfield code="c">Stack</subfield>
    <subfield code="d">1957-09-30</subfield>
    <subfield code="e">Nawroge kitabstan, Dhaka</subfield>
    <subfield code="g">1.80</subfield>
    <subfield code="l">0</subfield>
    <subfield code="o">B 891.441  ISR 1951</subfield>
    <subfield code="r">2016-11-29 00:00:00</subfield>
    <subfield code="t">C-2</subfield>
    <subfield code="w">2016-11-29</subfield>
    <subfield code="y">BK</subfield>
  </datafield>
</record>
